| 000 | 00952nam a2200313Ia 4500 | ||
|---|---|---|---|
| 003 | OSt | ||
| 005 | 20220912150902.0 | ||
| 006 | a|||||r|||| 00| 0 | ||
| 007 | ta | ||
| 008 | 220909b |||||||| |||| 00| 0 eng d | ||
| 020 | _a0521418836 (hbd) | ||
| 024 | _a4099 | ||
| 037 | _cTextual | ||
| 040 |
_aCSL _beng _cCSL |
||
| 041 | _aeng | ||
| 082 | _aD65,8(B):71, N3 | ||
| 100 | _aMauw S Ed | ||
| 245 | 0 | _aAlgebraic specification of communication protocols | |
| 260 |
_aCambridge _bCambridge University Press _c1993 |
||
| 300 | _axi,197p | ||
| 490 | _aCambridge tracts in theoretical computer science; 36 | ||
| 500 | _aBibliographical references 189-192p; Indexes 193-197p | ||
| 650 | _a Data Communication Networks | ||
| 650 | _a Interfacing Communications | ||
| 650 | _aComputer science | ||
| 700 | _a Veltink G J Ed | ||
| 942 |
_hD65,8(B):71, N3 _cTEXL _2CC |
||
| 999 |
_c56871 _d56871 |
||